[Event "RA-2014-0-00335"]
[Site "LSS email"]
[Date "2014.07.11"]
[Round "?"]
[White "Cimicki, Dariusz"]
[Black "Khan, Valery"]
[Result "1/2-1/2"]
[WhiteElo "2126"]
[BlackElo "2137"]
[PlyCount "73"]
[EventDate "2014.06.21"]
[EventType "tourn (corr)"]
[EventRounds "6"]
[EventCountry "GER"]
[SourceTitle "Corr 2015"]
[Source "ChessBase"]
[SourceDate "2015.07.17"]
[SourceVersion "1"]
[SourceVersionDate "2015.07.17"]
[SourceQuality "1"]

1. e4 c5 2. Nf3 d6 3. d4 cxd4 4. Nxd4 Nf6 5. Nc3 a6 6. Be3 e6 7. Qf3 Qc7 8. g4 h6 9. h4 Nbd7 10. Qg2 Ne5 11. f3 b5 12. g5 hxg5 13. hxg5 Rxh1 14. Qxh1 Nfd7 15. 0-0-0 b4 16. Nb1 Nc5 17. Qh3 Bd7 18. f4 Rc8 19. Qg2 Nc6 20. Nxc6 Qxc6 21. Nd2 a5 22. Kb1 a4 23. Bd4 a3 24. b3 e5 25. fxe5 Ne6 26. Nc4 Nxd4 27. Rxd4 dxe5 28. Rd1 Be6 29. Qh2 Qxe4 30. Nxe5 Bd6 31. Bb5+ Kf8 32. Ng6+ Qxg6 33. Qxd6+ Kg8 34. Bd3 Qxg5 35. Qxb4 Qg4 36. Qxg4 Bxg4 37. Re1 1/2-1/2

[Event "RA-2014-0-00335"]
[Site "LSS email"]
[Date "2014.07.11"]
[Round "?"]
[White "Khan, Valery"]
[Black "Susla, Vitaliy"]
[Result "1/2-1/2"]
[WhiteElo "2137"]
[BlackElo "2144"]
[PlyCount "49"]
[EventDate "2014.06.21"]
[EventType "tourn (corr)"]
[EventRounds "6"]
[EventCountry "GER"]
[SourceTitle "Corr 2015"]
[Source "ChessBase"]
[SourceDate "2015.07.17"]
[SourceVersion "1"]
[SourceVersionDate "2015.07.17"]
[SourceQuality "1"]

1. e4 c5 2. c3 d5 3. exd5 Qxd5 4. d4 Nf6 5. Nf3 Bg4 6. Be2 e6 7. h3 Bh5 8. 0-0 Nc6 9. Be3 cxd4 10. cxd4 Be7 11. Nc3 Qd6 12. Qb3 0-0 13. Rfd1 Rfd8 14. Rac1 Qb4 15. Qxb4 Nxb4 16. g4 Bg6 17. Ne5 Nfd5 18. Nxg6 hxg6 19. Kg2 Rac8 20. Bd2 g5 21. Bf3 f6 22. Rh1 Nxc3 23. bxc3 Nd5 24. c4 Nb4 25. Bxb4 1/2-1/2

[Event "SA-2014-0-00405"]
[Site "LSS email"]
[Date "2014.05.08"]
[Round "?"]
[White "Khan, Valery"]
[Black "Knittel, Martin"]
[Result "1/2-1/2"]
[WhiteElo "2139"]
[BlackElo "2127"]
[PlyCount "54"]
[EventDate "2014.04.15"]
[EventType "tourn (corr)"]
[EventRounds "6"]
[EventCountry "GER"]
[SourceTitle "Corr 2015"]
[Source "ChessBase"]
[SourceDate "2015.07.17"]
[SourceVersion "1"]
[SourceVersionDate "2015.07.17"]
[SourceQuality "1"]

1. e4 e5 2. Nf3 Nc6 3. Bb5 Nf6 4. d3 d6 5. 0-0 a6 6. Bxc6+ bxc6 7. d4 exd4 8. Nxd4 c5 9. Nc6 Qd7 10. Na5 Qa4 11. Nb3 Nxe4 12. f3 Nf6 13. Nc3 Qd7 14. Nd5 Nxd5 15. Qxd5 c6 16. Re1+ Be7 17. Qe4 Ra7 18. Bf4 0-0 19. Qxe7 Qxe7 20. Rxe7 Rxe7 21. Bxd6 Rb7 22. Bxf8 Kxf8 23. Rb1 Rb5 24. a4 Rb4 25. Nxc5 Rc4 26. b4 Rxc2 27. a5 f6 1/2-1/2

[Event "SA-2014-0-00405"]
[Site "LSS email"]
[Date "2014.05.07"]
[Round "?"]
[White "Delgado, Raul Alejandro"]
[Black "Khan, Valery"]
[Result "1/2-1/2"]
[WhiteElo "2084"]
[BlackElo "2139"]
[PlyCount "47"]
[EventDate "2014.04.15"]
[EventType "tourn (corr)"]
[EventRounds "6"]
[EventCountry "GER"]
[SourceTitle "Corr 2015"]
[Source "ChessBase"]
[SourceDate "2015.07.17"]
[SourceVersion "1"]
[SourceVersionDate "2015.07.17"]
[SourceQuality "1"]

1. d4 Nf6 2. c4 g6 3. Nc3 d5 4. cxd5 Nxd5 5. Bd2 Nb6 6. e3 Bg7 7. Nf3 0-0 8. Be2 Nc6 9. 0-0 e5 10. dxe5 Nxe5 11. Nxe5 Bxe5 12. Qc2 Qe7 13. e4 Re8 14. Rad1 Bd7 15. Be3 Bc6 16. Bd3 a6 17. Qc1 Rad8 18. Bg5 f6 19. Be3 Bxc3 20. Qxc3 Bxe4 21. Bxb6 Rxd3 22. Qxc7 Qxc7 23. Bxc7 Rc8 24. Ba5 1/2-1/2

[Event "SA-2014-0-00405"]
[Site "LSS email"]
[Date "2014.05.07"]
[Round "?"]
[White "Khan, Valery"]
[Black "Sorcinelli, Andrea"]
[Result "1/2-1/2"]
[WhiteElo "2139"]
[BlackElo "2127"]
[PlyCount "72"]
[EventDate "2014.04.15"]
[EventType "tourn (corr)"]
[EventRounds "6"]
[EventCountry "GER"]
[SourceTitle "Corr 2015"]
[Source "ChessBase"]
[SourceDate "2015.07.17"]
[SourceVersion "1"]
[SourceVersionDate "2015.07.17"]
[SourceQuality "1"]

1. e4 c5 2. Nf3 Nc6 3. d4 cxd4 4. Nxd4 Nf6 5. Nc3 e5 6. Ndb5 d6 7. Bg5 a6 8. Na3 b5 9. Nd5 Be7 10. Bxf6 Bxf6 11. c3 0-0 12. Nc2 Bg5 13. a4 bxa4 14. Nce3 Bxe3 15. Nxe3 Rb8 16. Qxa4 Ne7 17. Qa2 Bb7 18. Bd3 d5 19. 0-0 dxe4 20. Bc4 Qc7 21. b4 g6 22. Qe2 Nf5 23. Nxf5 gxf5 24. Bxa6 Qxc3 25. Bxb7 Rxb7 26. Qh5 f6 27. Qxf5 e3 28. fxe3 Qxe3+ 29. Kh1 Qd4 30. Ra6 Qd7 31. Qb1 Qb5 32. Raxf6 Rxf6 33. Rxf6 Qxb4 34. Qa2+ Qb3 35. Qe2 Qe6 36. Rf1 e4 1/2-1/2